000 00879nam a22001577a 4500
003 OSt
005 20151004090932.0
008 151004b xxu||||| |||| 00| 0 eng d
040 _cRUA
082 _aAVM KEO 2002 B073 Or.1
100 _91955
_aKEO, KOLPISETH.
245 _aThe effect of mung bean in concentrate on growth rate of hubbaed broiler at royal university of agriculture (ប្រសិទ្ធភាពនៃការប្រើប្រាស់កន្ទក់សណ្ដែកបាយនៅក្នុងចំណីផ្សំលើការលូតលាស់មាន់សាច់ពូជ HUBBARD នោស្ថានិយ៏កចិញ្ចឺមសត្វនៃសាកលវិទ្យាល័យភូមិន្ទកសិកម្ម)
260 _aPhnom Penh
_bRUA
_c2002
300 _aviii, 48p.
_bill.
_c29cm.
942 _2ddc
_cAVM
999 _c1850
_d1850